000 00697nam a2200253 i 4500
001 bg
100 1 _aSTRUZIŃSKA-WALCZAK, Anna
245 1 0 _aNauka programowania dla początkujących :
_bC++ /
_cAnna Struzińska-Walczak, Krzysztof Walczak.
250 _aWyd. 3.
260 _aWarszawa :
_b"W&W",
_c2001.
300 _a327 s. ;
_c24 cm.
504 _aBibliogr.
650 9 _aC (język programowania)
655 _aPodręczniki akademickie
700 1 _aWALCZAK, Krzysztof
015 _aPB 446/2000
020 _a8391059766
040 _cBPK
041 0 _apol
080 _a004.438(075.8)A/Z
920 _a83-910597-6-6
942 _cKS
008 s pl f |000 0 pol
999 _c51444
_d51444
856 _uhttp://koha.tu.koszalin.pl/cgi-bin/koha/opac-detail.pl?biblionumber=51444
_yKatalog online BPK